Central Library OPAC University of Rajshahi

জাতি-ধর্ম-যুগে নিরাপত্তা ও কল্যাণের ধারণা / (Record no. 81558)

MARC details
000 -LEADER
fixed length control field 00770nam a2200217 a 4500
001 - CONTROL NUMBER
control field 81558
003 - CONTROL NUMBER IDENTIFIER
rucl marc code BD-RjUL
005 - DATE AND TIME OF LATEST TRANSACTION
control field 20230711120618.0
008 - FIXED-LENGTH DATA ELEMENTS--GENERAL INFORMATION
fixed length control field 230711s2023 bg ||||| |||| 00| 0 ben d
020 ## - INTERNATIONAL STANDARD BOOK NUMBER
International Standard Book Number 9789843537768
035 ## - SYSTEM CONTROL NUMBER
System control number (BD-RjUL)81558
040 ## - CATALOGING SOURCE
Original cataloging agency BD-RjUL
Language of cataloging eng
Transcribing agency BD-RjUL
041 ## - LANGUAGE CODE
Language code of text/sound track or separate title ben
082 ## - DEWEY DECIMAL CLASSIFICATION NUMBER
Edition number 23
Classification number 297
Author mark and year ISN 2023
100 ## - MAIN ENTRY--PERSONAL NAME
Personal name ইসলাম, মোহাম্মদ শরিফুল
9 (RLIN) 7974
245 ## - TITLE STATEMENT
Title জাতি-ধর্ম-যুগে নিরাপত্তা ও কল্যাণের ধারণা /
Statement of responsibility, etc. মোহাম্মদ শরিফুল ইসলাম
300 ## - PHYSICAL DESCRIPTION
Pagination ১৪৭ পৃ.:
Illustrations চিত্রসমূহ;
Size ২২ সেমি.
650 ## - SUBJECT ADDED ENTRY--TOPICAL TERM
Topical term or geographic name as entry element ইসলাম
Topical term or geographic name as entry element Islam
942 ## - ADDED ENTRY ELEMENTS (KOHA)
Source of classification or shelving scheme Dewey Decimal Classification
Koha item type Books
Holdings
Lost status Source of classification or shelving scheme Damaged status Not for loan Collection code Permanent Location Current Location Shelving location Date acquired Source of acquisition Cost, normal purchase price Full call number Date last seen Copy number Koha item type Total Checkouts
  Dewey Decimal Classification   Not For Loan Non-fiction Central Library, University of Rajshahi Central Library, University of Rajshahi Reading Room 23/06/2023 Author 425.00 B 297 ISN 2023 11/07/2023 C-1 Books  
  Dewey Decimal Classification     Non-fiction Central Library, University of Rajshahi Central Library, University of Rajshahi General Stacks 23/06/2023 Author 425.00 B 297 ISN 2023 11/07/2023 C-2 Books  
  Dewey Decimal Classification     Non-fiction Central Library, University of Rajshahi Central Library, University of Rajshahi General Stacks 23/06/2023 Author 425.00 B 297 ISN 2023 11/07/2023 C-3 Books  
  Dewey Decimal Classification     Non-fiction Central Library, University of Rajshahi Central Library, University of Rajshahi General Stacks 23/06/2023 Author 425.00 B 297 ISN 2023 11/07/2023 C-4 Books  
  Dewey Decimal Classification     Non-fiction Central Library, University of Rajshahi Central Library, University of Rajshahi General Stacks 23/06/2023 Author 425.00 B 297 ISN 2023 11/07/2023 C-5 Books